01705nam a2200349 4500003000900000005001700009008004100026017001200067020001500079040004600094041000800140082002600148092000700174099003400181100006800215245020200283264009100485300003000576336002200606337002400628338003300652500005100685504010800736546011600844650005000960651001001010856005701020905001601077942001901093999001701112952022601129EG-GICUC20260121101442.0251208s1995 -ua||||fr|||| 00| 0 ara d a9411733 a9770412988 a EG-GICUCbarac EG-GICUCd EG-GICUCerda aara04221a341.8bب د . ن04221 aLaw1 12 341.8 ب د . ن 19950 aعبد الحكيم مصطفي عبد الرحمنeمؤلف.12aالنظام القانوني للشركة المساهمة الأوربية فى اطار قواعد القانون الدولى الخاص /cعبد الحكيم مصطفي عبد الرحمن. a[مكان النشر غير محدد] :b[اسم الناشر غير محدد],c1995. a106 صفحة ؛c24 سم. 2rda contentatext 2rda mediaaComputer 2rda carrieraOnline Resource aاهداء مكتبة ا.د. صلاح عامر aيحتوي على ارجاعات ببليوجرافية يحتوي على قائمة بالمراجع aالنص أغلبه باللغة العربية بعض النصوص الإنجليزية والفرنسية14aالقانون الدولى الخاص2qrmak1 2qrmak40uhttps://fll.law.cu.edu.eg/fulltext/bks/B12-01608.pdf a75eHassnaa 2ddcn0cBKe21 c49142d49142 00102ddc40718القانون الدولي الخاصaCUbLAW1d2025-12-08eاهداء مكتبة ا.د. صلاح عامرl0oLaw1 12 341.8 ع ب . ن 1995 1201608 C1pB12-01608r2025-12-08 12:26:00t1w2025-12-08yBK